| 000 | 03081nam0a2200373 4500 | ||
|---|---|---|---|
| 001 | RU\NLR\BIBL_A\012035235 | ||
| 005 | 20260408084137.0 | ||
| 035 | _a(NLR Aleph) 012035235 | ||
| 090 |
_a11572900 _c11572900 |
||
| 100 | _a20190613d1939 |||y0rusy50 ca | ||
| 101 | 0 | _arus | |
| 102 | _aRU | ||
| 105 | _ay z 000zy | ||
| 200 | 1 | _aТезисы доклада тов. В. Молотова на XVIII съезде ВКП(б) | |
| 210 |
_aИркутск _cИркутское областное изд-во _d1939 |
||
| 215 |
_a49, [2] с. _d21 |
||
| 225 | 1 | _aК восемнадцатому съезду ВКП(б) | |
| 300 | _aВ содерж.: 1-е произведение: Третий пятилетний план развития народного хозяйства СССР (1938-1942 гг.): тезисы доклада тов. В. Молотова на XVIII съезде ВКП(б), одобренные в основном Политбюро ЦК ВКП(б). Изменения в уставе ВКП(б): тезисы доклада тов. А. Жданова на XVIII съезде ВКП(б), одобренные в основном Политбюро ЦК ВКП(б) | ||
| 423 | 0 |
_12001#$aТезисы доклада тов. А. Жданова на XVIII съезде ВКП(б) _1210##$aИркутск$d1939 _1215##$aС. 37-50 _1700#1$aЖданов$bА. А.$cпарт. и гос. деятель$f1896-1948$gАндрей Александрович$3RU\NLR\AUTH\77126940 _tТезисы доклада тов. А. Жданова на XVIII съезде ВКП(б) _aЖданов, Андрей Александрович (парт. и гос. деятель ; 1896-1948) |
|
| 517 | 1 |
_aТретий пятилетний план развития народного хозяйства СССР (1938-1942 гг.) _eтезисы доклада тов. В. Молотова на XVIII съезде ВКП(б), одобренные в основном Политбюро ЦК ВКП(б) |
|
| 517 | 1 |
_aИзменения в уставе ВКП(б) _eтезисы доклада тов. А. Жданова на XVIII съезде ВКП(б), одобренные в основном Политбюро ЦК ВКП(б) |
|
| 600 | 1 |
_aМолотов _bВ.М. _f1890 - 1986 _gВячеслав Михайлович _92163184 _3RU\NLR\AUTH\661301702 |
|
| 600 | 1 |
_aЖданов _bА. А. _f1896 - 1948 _gАндрей Александрович _91023758 _3RU\NLR\AUTH\66391609 |
|
| 601 | 0 | 2 |
_aКПСС _bСъезд _d18 _eМосква, город _f1939 _92414036 _3RU\NLR\AUTH\6601657121 |
| 686 | 3 | _aФ61(2)272.3-11"1939" | |
| 686 | 3 | _aТ3(2)73-8 | |
| 686 | 1 | _aТ3(2)72-8 | |
| 700 | 1 |
_8rus _7ca _aМолотов _bВ. М. _f1890-1986 _gВячеслав Михайлович _3RU\NLR\AUTH\77127154 _9110078 |
|
| 712 | 0 | 2 |
_4570 _aВКП(б) _bСъезд _d18 _f1939 _eМосква _3RU\NLR\AUTH\8810182242 _9861096 |
| 852 |
_aNLR _j39-10/1730 |
||
| 942 | _cBOOK | ||
| 980 | _aNB | ||